| 000 | 00620nam a2200229Ia 4500 | ||
|---|---|---|---|
| 003 | OSt | ||
| 005 | 20230327110742.0 | ||
| 008 | 210423s2002 xx 000 0 und d | ||
| 040 | _cAL | ||
| 041 | _aeng | ||
| 082 | _a330.0151 HOLK | ||
| 100 |
_aHOLDEN (K);PEARSON (A W) _978205 |
||
| 245 | _aIntroductory mathematics for economics and business | ||
| 250 | _a2 | ||
| 260 |
_aNew Delhi _bOxford University Press _c2002 |
||
| 300 | _axii,511 | ||
| 365 |
_b350 _cINR |
||
| 650 |
_aEconomics _978206 |
||
| 650 |
_aEconomics _978206 |
||
| 906 | _abusiness ; economics ; Introductory ; mathematics | ||
| 942 |
_2ddc _cBK |
||
| 999 |
_c156072 _d156072 |
||